Odgadnij Bigger Bodies z Poppy Playtime po jednym zdaniu - Statystyki

Ogólne statystyki
  • Ten quiz został rozwiązany 30 razy
  • Średni wynik to 10 z 20
Statystyki odpowiedzi
Hint Odpowiedź % Poprawnych
Wypuszcza czerwony gaz CatNap
81%
Został zjedzony przez Smiling Critters DogDay
76%
Spotykamy go jako pierwszego Huggy Wuggy
76%
Pojawia się w pierwszej grze w Game Station Bunzo Bunny
71%
Pomaga nam od drugiego chapteru Kissy Missy
67%
Została zmiażdżona przez nas w młynku Mommy Long Legs
67%
Pojawiają się w drugiej grze w Game Station Mini Huggies
57%
Jego jedynym zadaniem jest zjadanie pracowników Boxy Boo
52%
Skacze po nas podczas misji w czwartym chapterze Baba Chops
48%
Został zrobiony z trójki dzieci Doey the Doughman
48%
Są inną wersją Smiling Critters Nightmare Critters
48%
Dostał swój własny trailer mimo jednej sceny w całej grze Pianosaurus
48%
Pojawia się w trzeciej grze w Game Station PJ Pug-a-Pillar
48%
Córka Elliot'a Ludwig'a Poppy
48%
Jest głównym złym The Prototype
48%
Zabiła swoje siostry Miss Delight
38%
Jest pupilkiem Harley'a Sawyer'a Yarnaby
38%
Pojawi się dopiero w piątym chapterze Lily Lovebraids
33%
Jego człowiecza wersja zgodziła się na eksperyment z powodu raka płuc Bron
24%
Straszą cię w czwartym chapterze Ruined Critters
5%
Nie znaleziono quizów pasujących do podanych kryteriów
Rozkład punktacji
Procent ludzi z każdym wynikiem
Percentyl według liczby udzielonych odpowiedzi
Twoja historia wyników
Nie rozwiązałeś tego quizu